Leadership and Motivation (Record no. 585)

MARC details
000 -LEADER
fixed length control field 00340nam a2200145Ia 4500
008 - FIXED-LENGTH DATA ELEMENTS--GENERAL INFORMATION
fixed length control field 230312s9999||||xx |||||||||||||| ||und||
082 ## - DEWEY DECIMAL CLASSIFICATION NUMBER
Classification number 658.314
Item number MCG
100 ## - MAIN ENTRY--PERSONAL NAME
Personal name McGregor, douglas
245 #0 - TITLE STATEMENT
Title Leadership and Motivation
260 ## - PUBLICATION, DISTRIBUTION, ETC.
Name of publisher, distributor, etc. The MIT Press
Place of publication, distribution, etc. London
Date of publication, distribution, etc. 1966
300 ## - PHYSICAL DESCRIPTION
Extent 286
546 ## - LANGUAGE NOTE
Language note Eng.
650 ## - SUBJECT ADDED ENTRY--TOPICAL TERM
Topical term or geographic name entry element Management
942 ## - ADDED ENTRY ELEMENTS (KOHA)
Koha item type BOOK
Holdings
Withdrawn status Lost status Source of classification or shelving scheme Damaged status Not for loan Home library Current library Date acquired Total Checkouts Full call number Barcode Date last seen Date last checked out Price effective from Koha item type
    Dewey Decimal Classification     Superior Information Resource Center (SIRC) Superior University- Central Library Superior Information Resource Center (SIRC) Superior University- Central Library 03/13/2023 1 658.314 MCG 594 10/30/2025 10/29/2025 03/13/2023 BOOK

Powered by Koha